Auditing principles / (Record no. 15134)
[ view plain ]
| 000 -LEADER | |
|---|---|
| fixed length control field | 00757cam a22002651 4500 |
| 001 - CONTROL NUMBER | |
| control field | 15134 |
| 003 - CONTROL NUMBER IDENTIFIER | |
| rucl marc code | BD-RjUL |
| 005 - DATE AND TIME OF LATEST TRANSACTION | |
| control field | 20211208235745.0 |
| 008 - FIXED-LENGTH DATA ELEMENTS--GENERAL INFORMATION | |
| fixed length control field | 140209s1960 nyua 001 0 eng d |
| 035 ## - SYSTEM CONTROL NUMBER | |
| System control number | (BD-RjUL) 15188 |
| System control number | (OCoLC)685561 |
| 040 ## - CATALOGING SOURCE | |
| Original cataloging agency | DLC |
| Transcribing agency | OClU |
| Modifying agency | Uk |
| -- | DLC |
| -- | BD-RjUL |
| Language of cataloging | eng |
| 041 ## - LANGUAGE CODE | |
| Language code of text/sound track or separate title | eng |
| 082 00 - DEWEY DECIMAL CLASSIFICATION NUMBER | |
| Classification number | 657.08 |
| Author mark and year | JEA 1960 |
| 100 1# - MAIN ENTRY--PERSONAL NAME | |
| Personal name | Jencks, William B. |
| Fuller form of name | (William Baldwin), |
| Dates associated with a name | 1909- |
| 9 (RLIN) | 47105 |
| 245 10 - TITLE STATEMENT | |
| Title | Auditing principles / |
| Statement of responsibility, etc. | William B. Jencks |
| 260 ## - PUBLICATION, DISTRIBUTION, ETC. (IMPRINT) | |
| Place of publication, distribution, etc. | New York : |
| Name of publisher, distributor, etc. | McGraw-Hill, |
| Date of publication, distribution, etc. | 1960. |
| 300 ## - PHYSICAL DESCRIPTION | |
| Pagination | 526 p. : |
| Illustrations | illus. ; |
| Size | 24 cm. |
| 504 ## - BIBLIOGRAPHY, ETC. NOTE | |
| Bibliography, etc | Includes Index |
| 650 #0 - SUBJECT ADDED ENTRY--TOPICAL TERM | |
| Topical term or geographic name as entry element | Auditing. |
| 9 (RLIN) | 47107 |
| 942 ## - ADDED ENTRY ELEMENTS (KOHA) | |
| Source of classification or shelving scheme | Dewey Decimal Classification |
| Koha item type | Books |
| Lost status | Source of classification or shelving scheme | Damaged status | Not for loan | Collection code | Permanent Location | Current Location | Shelving location | Date acquired | Source of acquisition | Cost, normal purchase price | Total Checkouts | Full call number | Date last seen | Copy number | Koha item type |
|---|---|---|---|---|---|---|---|---|---|---|---|---|---|---|---|
| Dewey Decimal Classification | Non-fiction | Central Library, University of Rajshahi | Central Library, University of Rajshahi | 28/07/1964 | Zeitlinger | 69.00 | 657.08 JEA 1960 | 09/02/2014 | C-3 | Books | |||||
| Dewey Decimal Classification | Non-fiction | Central Library, University of Rajshahi | Central Library, University of Rajshahi | 06/12/1962 | Zeitlinger | 66.00 | 657.08 JEA 1960 | 09/02/2014 | C-2 | Books | |||||
| Dewey Decimal Classification | Not For Loan | Non-fiction | Central Library, University of Rajshahi | Central Library, University of Rajshahi | Reading Room | 06/12/1962 | Zeitlinger | 657.08 JEA 1960 | 20/12/2016 | C-1 | Books |